Lab Math (Record no. 17020)
[ view plain ]
| 000 -LEADER | |
|---|---|
| fixed length control field | 00307nam a22000977a 4500 |
| 008 - FIXED-LENGTH DATA ELEMENTS--GENERAL INFORMATION | |
| fixed length control field | 140219t xxu||||| |||| 00| 0 eng d |
| 100 ## - MAIN ENTRY--PERSONAL NAME | |
| Personal name | Dany Spencer Adams |
| 9 (RLIN) | 763 |
| 245 ## - TITLE STATEMENT | |
| Title | Lab Math |
| Remainder of title | a handbook of measurements, calculations, and other quantitative skills for use at the bench |
| 300 ## - PHYSICAL DESCRIPTION | |
| Extent | 275 |
| 942 ## - ADDED ENTRY ELEMENTS (KOHA) | |
| Source of classification or shelving scheme | |
| Koha item type | Book |
| Withdrawn status | Lost status | Source of classification or shelving scheme | Damaged status | Not for loan | Collection code | Permanent Location | Current Location | Date acquired | Total Checkouts | Full call number | Barcode | Date last seen | Price effective from | Koha item type | Date last checked out |
|---|---|---|---|---|---|---|---|---|---|---|---|---|---|---|---|
| Atta-ur-Rahman School of Applied Biosciences (ASAB) | Atta-ur-Rahman School of Applied Biosciences (ASAB) | 06/08/2016 | 510.1 SPE | ASAB1464 | 06/08/2016 | 06/08/2016 | Book | ||||||||
| Central Library (CL) | Central Library (CL) | 02/19/2014 | 1 | 510.1 SPE | ASAB1465 | 06/08/2016 | 02/19/2014 | Book | 09/16/2015 |
